Constructing Paradise Reader on Nature & Culture (compilación) (Record no. 560)

MARC details
000 -LEADER
campo de control de longitud fija 01250nam a22001337a 4500
008 - DATOS DE LONGITUD FIJA--INFORMACIÓN GENERAL
campo de control de longitud fija 150430b xxu||||| |||| 00| 0 eng d
082 ## - NÚMERO DE LA CLASIFICACIÓN DECIMAL DEWEY
Número de clasificación 720
Número de ítem C 764c
100 ## - ENTRADA PRINCIPAL--NOMBRE DE PERSONA
Nombre de persona Constructing Paradise Reader on Nature & Culture
9 (RLIN) 2548
245 ## - MENCIÓN DEL TÍTULO
Título Constructing Paradise Reader on Nature & Culture (compilación)
300 ## - DESCRIPCIÓN FÍSICA
Extensión 200 p
Otras características físicas ill.
505 ## - NOTA DE CONTENIDO CON FORMATO
Título "Biophilia and the Conservation Ethic"
Mención de responsabilidad E.O. Wilson
Título "The Biological Basis por Human Values of Nature"
Mención de responsabilidad S.R. Kellert.
Título Aesthetics and the Environment. The appreciation of nature, art and architecture.
Mención de responsabilidad A. Carlson.
Título "The Development of Culture"
Mención de responsabilidad A. Van der Staay,
Título "Architecture and City in the Caribbean: The Reinvention of Paradise"
Mención de responsabilidad R. Segre
Título "Designing and Building in the Tropics"
Mención de responsabilidad B. Stagno
Título "Architectural Responses in Tropical India"
Mención de responsabilidad R. Mehrotra
Título "Architecture for a Latitude"
Mención de responsabilidad B. Stagno
Título "Bruno Stagno and Architectural Biodiversity"
Mención de responsabilidad A. Tzonis and L. Lefaivre
Título "Paintings of Mustang by Robert Powell"
Mención de responsabilidad R. Vitaly
Título "A Fusion of Nature and Culture in Desing"
Mención de responsabilidad A. Badshah, N. Ardalan
Título Supersudaca
650 ## - PUNTO DE ACCESO ADICIONAL DE MATERIA--TÉRMINO DE MATERIA
Subdivisión general Arquitectura
-- Antología (compilación)
-- Etica
-- Estetica
-- Cultura
-- Arquitectura caribeña
-- Arquitectura tropical
9 (RLIN) 2549
700 ## - ENTRADA AGREGADA--NOMBRE PERSONAL
Nombre de persona Constructing Paradise Reader on Nature & Culture
9 (RLIN) 2550
Holdings
Estatus retirado Estado de pérdida Fuente del sistema de clasificación o colocación Estado de daño No para préstamo Biblioteca de origen Biblioteca actual Ubicación en estantería Fecha de adquisición Total de préstamos Signatura topográfica completa Código de barras Visto por última vez Precio de reemplazo Tipo de ítem Koha
    Clasificación Decimal Dewey     Biblioteca LadoV Biblioteca LadoV   30/04/2015   720 C 764c 004037 30/04/2015 30/04/2015 Material 01